[Event "IRT. X OPEN FERIA DE CALI Grup"]
[Site "Cali (Col) Unidad Panamericana"]
[Date "2008.12.28"]
[Round "5"]
[Board "1"]
[White "Mateus, Alejandro"]
[Black "Gonzalez, Juan Manuel"]
[Result "1-0"]
[WhiteElo "2192"]
[BlackElo "2111"]
[PlyCount "111"]
[EventDate "2008.12.26"]
[EventRounds "9"]
[EventCountry "COL"]

1.e4 e6 2.d4 d5 3.Nd2 Nf6 4.e5 Nfd7 5.Bd3 c5 6.c3 Nc6 7.Ne2 f6 8.exf6 Nxf6 9.Nf3
Bd6 10.O-O Qc7 11.dxc5 Bxc5 12.c4 O-O 13.a3 Bd7 14.b4 Bd6 15.Bb2 Ng4 16.Ng3 Bf4
17.Ng5 Bxg5 18.Qxg4 Bf6 19.Qh5 h6 20.Bxf6 Rxf6 21.Rae1 Be8 22.Qe2 Qf4 23.cxd5
exd5 24.Nh5 Bxh5 25.Qxh5 Qc7 26.Re8+ Rf8 27.Rxa8 Rxa8 28.Rd1 Qe5 29.Qg6 Re8
30.h4 Re6 31.Qh7+ Kf7 32.Bf1 Ne7 33.Qd3 Qe4 34.Qxe4 Rxe4 35.g3 Ke6 36.Bg2 Re2
37.Bf3 Ra2 38.Rd3 b6 39.Bg4+ Kd6 40.Re3 Nc6 41.Re6+ Kc7 42.b5 Nd4 43.Re7+ Kd6
44.Rxa7 Nxb5 45.Rxg7 d4 46.h5 Ke5 47.Rh7 d3 48.Rxh6 Nd4 49.Rh8 Rxa3 50.h6 d2
51.h7 Rf3 52.Re8+ Kd5 53.Bxf3+ Nxf3+ 54.Kg2 d1=Q 55.h8=Q Ne1+ 56.Kh3

[Event "IRT. X OPEN FERIA DE CALI Grup"]
[Site "Cali (Col) Unidad Panamericana"]
[Date "2008.12.28"]
[Round "5"]
[Board "1"]
[White "Plazas, Alfonso"]
[Black "Buitrago, Juan Carlos"]
[Result "1/2-1/2"]
[WhiteElo "2025"]
[BlackElo "2169"]
[PlyCount "39"]
[EventDate "2008.12.26"]
[EventRounds "9"]
[EventCountry "COL"]

1.e4 e5 2.Nf3 Nc6 3.Bb5 a6 4.Ba4 Nf6 5.Nc3 b5 6.Bb3 d6 7.h3 Be7 8.O-O O-O 9.a3
Be6 10.Bxe6 fxe6 11.d4 exd4 12.Nxd4 Nxd4 13.Qxd4 e5 14.Qd3 c6 15.Bg5 Ne8 16.Bxe7
Qxe7 17.Rad1 Qg5 18.Rfe1 Ra7 19.Re3 Raf7 20.Rg3

[Event "IRT. X OPEN FERIA DE CALI Grup"]
[Site "Cali (Col) Unidad Panamericana"]
[Date "2008.12.28"]
[Round "5"]
[Board "1"]
[White "Salazar, Aura Cristina"]
[Black "Barreiro, Frank"]
[Result "0-1"]
[WhiteElo "2016"]
[BlackElo "2084"]
[PlyCount "112"]
[EventDate "2008.12.26"]
[EventRounds "9"]
[EventCountry "COL"]

1.e4 e5 2.Nf3 Nc6 3.Bb5 a6 4.Ba4 Nf6 5.O-O Be7 6.Re1 b5 7.Bb3 O-O 8.c3 d5 9.exd5
Nxd5 10.Nxe5 Nxe5 11.Rxe5 Nf6 12.h3 Bd6 13.Re3 c5 14.d4 c4 15.Bc2 Bc7 16.Nd2 Bb7
17.Nf3 Qd6 18.Ne5 Rfe8 19.Rg3 Rad8 20.Bf4 Qe6 21.Ng6 Bb6 22.Ne5 Ba7 23.Bh6 g6
24.Qb1 Nh5 25.Rg5 Nf4 26.Bf5 Qd5 27.Rg4 Nxh3+ 28.Kf1 Nxf2 29.Bxg6 Nxg4 30.Bxf7+
Qxf7+ 31.Nxf7 Rd7 32.Ng5 Nxh6 33.Qc2 Rg7 34.Qd2 Rf8+ 35.Ke1 Re7+ 36.Kd1 Ng4
37.Nf3 Ne3+ 38.Kc1 Bxf3 39.gxf3 Rxf3 40.b3 Ref7 41.Qh2 Rf1+ 42.Kd2 R1f2+ 43.Qxf2
Rxf2+ 44.Kxe3 Rc2 45.Rg1+ Kf7 46.Rf1+ Ke6 47.Rh1 Rxc3+ 48.Ke4 cxb3 49.axb3 Kf6
50.Rxh7 Bb8 51.Rh6+ Kg5 52.Rxa6 Rxb3 53.d5 Rb4+ 54.Kf3 Bf4 55.Ra8 Bd6 56.Rg8+
Kf5

[Event "IRT. X OPEN FERIA DE CALI Grup"]
[Site "Cali (Col) Unidad Panamericana"]
[Date "2008.12.28"]
[Round "6"]
[Board "1"]
[White "Valle, Efrain"]
[Black "Barrientos, Sergio E"]
[Result "0-1"]
[WhiteElo "2173"]
[BlackElo "2450"]
[PlyCount "70"]
[EventDate "2008.12.26"]
[EventRounds "9"]
[EventCountry "COL"]

1.Nf3 d5 2.g3 c6 3.Bg2 Bg4 4.O-O Qc8 5.c4 dxc4 6.Ne5 Bh3 7.Nxc4 h5 8.Ne5 Bxg2
9.Kxg2 h4 10.Qb3 Nh6 11.d4 Nd7 12.Nxd7 Qxd7 13.Nd2 Nf5 14.Nf3 f6 15.Rd1 hxg3
16.fxg3 Nd6 17.Bf4 g5 18.Bxd6 exd6 19.d5 c5 20.Rd3 O-O-O 21.Re3 Qh3+ 22.Kg1 f5
23.Qa4 a6 24.Rb3 Rd7 25.Kf2 Bg7 26.Rh1 g4 27.Ng5 Qh6 28.Ne6 Be5 29.Qc4 Rdh7
30.Re3 Qf6 31.Kg2 Rxh2+ 32.Rxh2 Rxh2+ 33.Kxh2 Qh6+ 34.Kg2 Qxe3 35.b4 Bxg3

[Event "IRT. X OPEN FERIA DE CALI Grup"]
[Site "Cali (Col) Unidad Panamericana"]
[Date "2008.12.28"]
[Round "6"]
[Board "1"]
[White "Polo, Victor Ramon"]
[Black "Sanchez Maya, Simon"]
[Result "1-0"]
[WhiteElo "2216"]
[BlackElo "2168"]
[PlyCount "45"]
[EventDate "2008.12.26"]
[EventRounds "9"]
[EventCountry "COL"]

1.e4 c5 2.Nc3 d6 3.f4 Nc6 4.Nf3 g6 5.Bb5 Bd7 6.d3 Bg7 7.O-O Nf6 8.Bxc6 Bxc6
9.Qe1 O-O 10.Qh4 Qd7 11.Bd2 b5 12.Rae1 b4 13.Ne2 a5 14.h3 a4 15.f5 Bb5 16.Bh6 b3
17.c4 Bc6 18.a3 e6 19.Ng5 Bxh6 20.Qxh6 exf5 21.Ng3 Rfe8 22.Rf4 fxe4 23.Nh5

[Event "IRT. X OPEN FERIA DE CALI Grup"]
[Site "Cali (Col) Unidad Panamericana"]
[Date "2008.12.28"]
[Round "6"]
[Board "1"]
[White "Bassan, Remo"]
[Black "Torres, Juan Camilo"]
[Result "0-1"]
[WhiteElo "2179"]
[BlackElo "2103"]
[PlyCount "102"]
[EventDate "2008.12.26"]
[EventRounds "9"]
[EventCountry "COL"]

1.e4 c5 2.Nc3 e6 3.Nge2 Nc6 4.g3 d5 5.d3 d4 6.Nb1 h5 7.h4 Nf6 8.Bg2 Qc7 9.Na3 a6
10.c3 dxc3 11.bxc3 e5 12.O-O Be6 13.Nc2 Rd8 14.Ne3 Qd7 15.c4 Qxd3 16.Qxd3 Rxd3
17.Nd5 Bxd5 18.exd5 Na5 19.Rb1 Bd6 20.Bg5 Ra3 21.Rfc1 Ra4 22.Nc3 Rxc4 23.a3 b5
24.Bf1 Rxc3 25.Rxc3 c4 26.Bxf6 gxf6 27.a4 b4 28.Rcc1 c3 29.Bxa6 Ke7 30.Kf1 Bc5
31.Ke2 Kd6 32.Bd3 Kxd5 33.f3 Rg8 34.Be4+ Ke6 35.Rxc3 bxc3 36.Rb5 Bd4 37.Rxa5
Rxg3 38.Ra6+ Ke7 39.a5 Rg2+ 40.Kd1 Rh2 41.Ra8 Rxh4 42.a6 Rh1+ 43.Kc2 Ra1 44.Rh8
Rxa6 45.Rxh5 Ra2+ 46.Kd1 Rd2+ 47.Kc1 Be3 48.Kb1 Rb2+ 49.Ka1 Bd4 50.Rh1 c2 51.Rc1
Rb1+

[Event "IRT. X OPEN FERIA DE CALI Grup"]
[Site "Cali (Col) Unidad Panamericana"]
[Date "2008.12.28"]
[Round "6"]
[Board "1"]
[White "Herrera, Juan Sebastian"]
[Black "Rios, Cristhian Camilo"]
[Result "1/2-1/2"]
[WhiteElo "2109"]
[BlackElo "2172"]
[PlyCount "54"]
[EventDate "2008.12.26"]
[EventRounds "9"]
[EventCountry "COL"]

1.e4 c5 2.Nf3 e6 3.d4 cxd4 4.Nxd4 Nf6 5.Nc3 d6 6.Be2 Nc6 7.Be3 Be7 8.f4 Bd7
9.O-O Nxd4 10.Bxd4 Bc6 11.Bf3 Qc7 12.e5 dxe5 13.Bxe5 Qc8 14.Qe2 Bxf3 15.Qxf3 O-O
16.Ne4 Nxe4 17.Qxe4 Rd8 18.c3 f6 19.Bd4 Bc5 20.Bxc5 Qxc5+ 21.Kh1 Qd5 22.Qxd5
Rxd5 23.Rfd1 Rxd1+ 24.Rxd1 Kf7 25.h3 Ke7 26.Kh2 Rd8 27.Rxd8 Kxd8

[Event "IRT. X OPEN FERIA DE CALI Grup"]
[Site "Cali (Col) Unidad Panamericana"]
[Date "2008.12.28"]
[Round "6"]
[Board "1"]
[White "Buitrago, Juan Carlos"]
[Black "Schneider-Zinner, Werner"]
[Result "1-0"]
[WhiteElo "2169"]
[BlackElo "2043"]
[PlyCount "99"]
[EventDate "2008.12.26"]
[EventRounds "9"]
[EventCountry "COL"]

1.d4 Nf6 2.c4 g6 3.Nc3 d5 4.cxd5 Nxd5 5.e4 Nxc3 6.bxc3 Bg7 7.Bc4 O-O 8.Ne2 Nc6
9.O-O b6 10.f4 Bb7 11.f5 Na5 12.Bd3 c5 13.fxg6 hxg6 14.e5 cxd4 15.cxd4 Nc6
16.Be4 Qd7 17.Bf3 Rad8 18.Be3 Na5 19.Rc1 Bxf3 20.Rxf3 Bxe5 21.Qe1 Bf6 22.Qg3 Rc8
23.Rcf1 Nc4 24.Bh6 Bg7 25.Qh4 Qd5 26.Rh3 Qh5 27.Qxh5 gxh5 28.Rg3 Kh7 29.Bxg7 Rg8
30.Be5 f6 31.Rxg8 Kxg8 32.Bf4 Kf7 33.Rc1 b5 34.h4 e5 35.dxe5 fxe5 36.Bg5 Ke6
37.Ng3 Rh8 38.Rf1 a5 39.Rf6+ Kd5 40.Rh6 Ra8 41.Rxh5 b4 42.Nf1 Kd4 43.Nd2 a4
44.Nxc4 b3 45.axb3 axb3 46.Nb2 Kc3 47.Bf6 Kxb2 48.Bxe5+ Ka2 49.Kh2 Ra5 50.g4

[Event "IRT. X OPEN FERIA DE CALI Grup"]
[Site "Cali (Col) Unidad Panamericana"]
[Date "2008.12.28"]
[Round "6"]
[Board "1"]
[White "Plazas, Alfonso"]
[Black "Parada, Norberto Andres"]
[Result "1-0"]
[WhiteElo "2025"]
[BlackElo "2114"]
[PlyCount "37"]
[EventDate "2008.12.26"]
[EventRounds "9"]
[EventCountry "COL"]

1.d4 Nf6 2.Bf4 g6 3.h3 Bg7 4.e3 d6 5.Nf3 O-O 6.c4 Nbd7 7.Nc3 c6 8.Be2 Re8 9.O-O
a6 10.Qc2 e5 11.dxe5 dxe5 12.Bg5 h6 13.Bh4 Qa5 14.a3 e4 15.Nd2 Qf5 16.Rad1 Ne5
17.Ndxe4 Nxe4 18.Qxe4 Qf6 19.f4

[Event "IRT. X OPEN FERIA DE CALI Grup"]
[Site "Cali (Col) Unidad Panamericana"]
[Date "2008.12.28"]
[Round "6"]
[Board "1"]
[White "Ospina Loaiza, Jhonny"]
[Black "Vargas, Mauricio"]
[Result "0-1"]
[WhiteElo "2097"]
[BlackElo "1965"]
[PlyCount "43"]
[EventDate "2008.12.26"]
[EventRounds "9"]
[EventCountry "COL"]

1.e4 c5 2.Nc3 Nc6 3.f4 g6 4.Nf3 Bg7 5.Bc4 e6 6.O-O Nge7 7.d3 d5 8.exd5 exd5
9.Bb5 O-O 10.Qe1 Nd4 11.Nxd4 Bxd4+ 12.Kh1 a6 13.Ba4 b5 14.Bxb5 axb5 15.Nxb5 Bg7
16.c4 Re8 17.Qf2 Bf5 18.Qf3 h5 19.a4 Be6 20.Qe2 Nf5 21.Ra3 h4 22.b3

[Event "IRT. X OPEN FERIA DE CALI Grup"]
[Site "Cali (Col) Unidad Panamericana"]
[Date "2008.12.29"]
[Round "7"]
[Board "1"]
[White "Carvajal, Nolberto"]
[Black "Borges Mateos, Juan"]
[Result "1/2-1/2"]
[WhiteElo "2293"]
[BlackElo "2459"]
[PlyCount "77"]
[EventDate "2008.12.26"]
[EventRounds "9"]
[EventCountry "COL"]

1.e4 e6 2.d4 d5 3.Nc3 Nf6 4.Bg5 dxe4 5.Nxe4 Be7 6.Bxf6 gxf6 7.Nf3 b6 8.Bb5+ c6
9.Bd3 Qc7 10.Qe2 Nd7 11.Ng3 Bb7 12.O-O-O Nf8 13.Nh5 O-O-O 14.Be4 Ng6 15.Kb1 Kb8
16.c3 f5 17.Bc2 c5 18.Ne5 Nxe5 19.dxe5 Bxg2 20.Rxd8+ Rxd8 21.Rg1 Qc6 22.Nf6 Bxf6
23.exf6 Qf3 24.Qxf3 Bxf3 25.Rg7 Rf8 26.Rxh7 Kc7 27.Rh3 Bg4 28.Rd3 c4 29.Rd4 b5
30.a4 a6 31.axb5 axb5 32.b3 cxb3 33.Bxb3 Rh8 34.Kb2 Rxh2 35.Ka3 Bf3 36.Kb4 Bc6
37.f4 Rh6 38.Kc5 Rh3 39.Kb4

[Event "IRT. X OPEN FERIA DE CALI Grup"]
[Site "Cali (Col) Unidad Panamericana"]
[Date "2008.12.29"]
[Round "7"]
[Board "1"]
[White "Prieto, Ernesto"]
[Black "Pazos Gambarrotti, Plinio"]
[Result "0-1"]
[WhiteElo "2181"]
[BlackElo "2327"]
[PlyCount "106"]
[EventDate "2008.12.26"]
[EventRounds "9"]
[EventCountry "COL"]

1.e4 c5 2.Nf3 Nc6 3.d4 cxd4 4.Nxd4 Nf6 5.Nc3 d6 6.Be2 g6 7.O-O Bg7 8.Be3 O-O
9.Nb3 Be6 10.f4 Na5 11.Bd4 Bc4 12.Kh1 Rc8 13.g4 Bxe2 14.Qxe2 Nc4 15.g5 Nd7
16.Bxg7 Kxg7 17.Nd1 d5 18.e5 Qb6 19.c3 Nc5 20.Nd4 Ne6 21.Nc2 d4 22.b3 Na5 23.c4
Qc6+ 24.Kg1 b5 25.Nb4 Qb6 26.cxb5 Rfd8 27.Nd3 Qxb5 28.f5 gxf5 29.Rxf5 Rf8
30.N1f2 Nc6 31.Rf1 Nb4 32.a4 Qa6 33.Qe4 Nxd3 34.Nxd3 Rc3 35.Nf4 Nxf4 36.Qxf4 Qe6
37.Qxd4 Rxb3 38.Qxa7 Rb4 39.h3 Qb3 40.R5f3 Qe6 41.Rf5 Rb3 42.R5f3 Rb4 43.Qa5 Re4
44.Qc3 Rxa4 45.Qb3 Rc4 46.Qe3 Rb4 47.Kh2 Rb5 48.Rf5 Rb2+ 49.R1f2 Rfb8 50.R5f3
Rxf2+ 51.Rxf2 Rb3 52.Qe4 Qxh3+ 53.Kg1 Rg3+

[Event "IRT. X OPEN FERIA DE CALI Grup"]
[Site "Cali (Col) Unidad Panamericana"]
[Date "2008.12.29"]
[Round "7"]
[Board "1"]
[White "Remicio Duque, John H"]
[Black "Valle, Efrain"]
[Result "1/2-1/2"]
[WhiteElo "2216"]
[BlackElo "2173"]
[PlyCount "111"]
[EventDate "2008.12.26"]
[EventRounds "9"]
[EventCountry "COL"]

1.d4 c5 2.c3 e6 3.Nf3 Nf6 4.Bf4 cxd4 5.cxd4 Bb4+ 6.Nc3 Qa5 7.Qb3 O-O 8.Rc1 Ne4
9.e3 d5 10.Bd3 Nxc3 11.bxc3 Ba3 12.Rb1 b6 13.Bxb8 Rxb8 14.Ne5 Bb7 15.Nd7 Rbc8
16.Nxf8 Rxc3 17.Qb5 Qxb5 18.Bxb5 Kxf8 19.Kd2 Rc8 20.Rb3 Bd6 21.Rc1 Rxc1 22.Kxc1
a6 23.Bd3 b5 24.h4 f5 25.g4 g6 26.h5 b4 27.hxg6 hxg6 28.gxf5 exf5 29.Kd2 a5
30.Bb5 f4 31.Rb1 Bc8 32.Rg1 Kf7 33.Bd3 fxe3+ 34.fxe3 Bf5 35.Rh1 Bxd3 36.Kxd3 a4
37.Rh7+ Kf6 38.Rb7 g5 39.e4 dxe4+ 40.Kxe4 g4 41.Rb6 Ke6 42.d5+ Kd7 43.Rb7+ Kc8
44.Rg7 g3 45.Kd3 b3 46.axb3 a3 47.Kc2 Be5 48.Rg8+ Kc7 49.Kb1 Kd6 50.Ka2 Kxd5
51.Kxa3 Ke4 52.b4 Kf3 53.b5 g2 54.b6 Bg3 55.Rxg3+ Kxg3 56.b7

[Event "IRT. X OPEN FERIA DE CALI Grup"]
[Site "Cali (Col) Unidad Panamericana"]
[Date "2008.12.29"]
[Round "7"]
[Board "1"]
[White "Torres, Juan Camilo"]
[Black "Saavedra, Victor"]
[Result "1/2-1/2"]
[WhiteElo "2103"]
[BlackElo "2212"]
[PlyCount "131"]
[EventDate "2008.12.26"]
[EventRounds "9"]
[EventCountry "COL"]

1.d4 e6 2.Nf3 Nf6 3.e3 b6 4.Bd3 Bb7 5.Nbd2 d6 6.O-O Nbd7 7.b3 Be7 8.Bb2 c5 9.c4
O-O 10.Qe2 Rc8 11.Rad1 Qc7 12.Bb1 Rfe8 13.Ng5 Nf8 14.f4 cxd4 15.exd4 d5 16.Ngf3
dxc4 17.Nxc4 Qxf4 18.Nfe5 Qh4 19.Rd3 Qe4 20.Re3 Qd5 21.Rxf6 gxf6 22.Be4 Qxe4
23.Rxe4 Bxe4 24.Qxe4 fxe5 25.Nxe5 Bf6 26.Qf4 Bxe5 27.Qxe5 Ng6 28.Qf6 Rc2 29.Ba3
Rxa2 30.Bd6 Rc8 31.h4 h5 32.Be5 Nxe5 33.dxe5 Rb2 34.Qg5+ Kf8 35.Qxh5 Rcc2
36.Qh8+ Ke7 37.Qf6+ Ke8 38.Qh8+ Kd7 39.Qb8 Rxg2+ 40.Kh1 Rgc2 41.Qxa7+ Kc6
42.Qa8+ Kc5 43.Qa3+ Kd4 44.Qa1 Kc3 45.h5 Kxb3 46.Qf1 Ka2 47.Qa6+ Kb1 48.Qd3 Ka1
49.Qa6+ Ra2 50.Qf1+ Kb2 51.Qb5+ Kc3 52.Qf1 Kd2 53.Kg2 Ra4 54.h6 Rh4 55.Kg3 Rcc4
56.Qf2+ Kc3 57.Qe3+ Kc2 58.Qf2+ Kb3 59.Qxb6+ Rb4 60.Qe3+ Ka4 61.Qg5 Rh1 62.Qf6
Rb3+ 63.Kg2 Rbh3 64.Qxf7 Rxh6 65.Qb7 R1h5 66.Qb6

[Event "IRT. X OPEN FERIA DE CALI Grup"]
[Site "Cali (Col) Unidad Panamericana"]
[Date "2008.12.29"]
[Round "7"]
[Board "1"]
[White "Garcia, Alvaro"]
[Black "Plazas, Alfonso"]
[Result "1-0"]
[WhiteElo "2198"]
[BlackElo "2025"]
[PlyCount "121"]
[EventDate "2008.12.26"]
[EventRounds "9"]
[EventCountry "COL"]

1.Nf3 Nf6 2.d4 d5 3.Bf4 Bf5 4.e3 e6 5.c4 Bb4+ 6.Nbd2 c6 7.a3 Bd6 8.c5 Bxf4
9.exf4 Qc7 10.g3 O-O 11.b4 Nbd7 12.Bg2 a5 13.O-O Ra7 14.Qb3 axb4 15.axb4 Rfa8
16.Qb2 b5 17.Nb3 h6 18.Rxa7 Rxa7 19.Na5 Be4 20.Nd2 Bf5 21.Ra1 Ra6 22.Nf1 Bg6
23.Ne3 Be4 24.f3 Bg6 25.Bh3 Nf8 26.Qd2 Ra8 27.Qc3 N8d7 28.Nb3 Ra7 29.Ra5 Rxa5
30.bxa5 Nb8 31.f5 exf5 32.Bxf5 Bxf5 33.Nxf5 Na6 34.Qe1 Kf8 35.Kf2 Ng8 36.Qe3 Qd7
37.g4 Ne7 38.Nd6 Qe6 39.Qd2 Qf6 40.Kg3 Ng6 41.Nf5 Ne7 42.Nd6 Ng6 43.Qe3 Qh4+
44.Kg2 Qe7 45.Qxe7+ Kxe7 46.Kg3 Kf8 47.f4 Ne7 48.f5 g5 49.fxg6 fxg6 50.Kf4 Ng8
51.Ke5 Ke7 52.h3 Nb4 53.Nc8+ Kd8 54.Ke6 Kxc8 55.Kf7 Ne7 56.Kxe7 Kc7 57.Kf6 g5
58.Kg6 Nd3 59.Kxh6 Nf4 60.Kxg5 Nxh3+ 61.Kf5

[Event "IRT. X OPEN FERIA DE CALI Grup"]
[Site "Cali (Col) Unidad Panamericana"]
[Date "2008.12.29"]
[Round "7"]
[Board "1"]
[White "Mateus, Martha"]
[Black "Buitrago, Juan Carlos"]
[Result "1-0"]
[WhiteElo "2138"]
[BlackElo "2169"]
[PlyCount "74"]
[EventDate "2008.12.26"]
[EventRounds "9"]
[EventCountry "COL"]

1.e4 e5 2.Nc3 Nf6 3.f4 d5 4.fxe5 Nxe4 5.Nf3 Bc5 6.d4 Bb4 7.Bd2 Bxc3 8.bxc3 Bg4
9.Bd3 O-O 10.O-O f6 11.Qe1 Bxf3 12.Rxf3 Nxd2 13.Qxd2 fxe5 14.Rxf8+ Qxf8 15.dxe5
Qc5+ 16.Kh1 Nc6 17.Re1 Rf8 18.e6 Ne7 19.h3 Qf2 20.Re2 Qf1+ 21.Kh2 Qf4+ 22.Qxf4
Rxf4 23.Kg3 Rf6 24.c4 c6 25.cxd5 cxd5 26.c4 dxc4 27.Bxc4 Kf8 28.Rd2 Nc6 29.Bb3
a5 30.a4 g5 31.Rd7 h5 32.Rxb7 Nb4 33.e7+ Ke8 34.Bd1 h4+ 35.Kh2 g4 36.hxg4 h3
37.g5 Rf7

[Event "IRT. X OPEN FERIA DE CALI Grup"]
[Site "Cali (Col) Unidad Panamericana"]
[Date "2008.12.29"]
[Round "7"]
[Board "1"]
[White "Sanchez Maya, Simon"]
[Black "Herrera, Juan Sebastian"]
[Result "0-1"]
[WhiteElo "2168"]
[BlackElo "2109"]
[PlyCount "48"]
[EventDate "2008.12.26"]
[EventRounds "9"]
[EventCountry "COL"]

1.e4 e5 2.d4 exd4 3.c3 dxc3 4.Bc4 cxb2 5.Bxb2 Qe7 6.Nc3 c6 7.Nf3 d5 8.Bxd5 cxd5
9.Nxd5 Qxe4+ 10.Kf1 Qc4+ 11.Kg1 Ne7 12.Ne3 Qe6 13.Ng5 Qg6 14.h4 h6 15.Nc4 Nec6
16.Nf3 Bg4 17.Kh2 Be7 18.Qb3 O-O 19.Qxb7 Nd7 20.Qc7 Rac8 21.Qf4 Qh5 22.Rad1 Nc5
23.Qg3 Ne4 24.Qf4 Nxf2

[Event "IRT. X OPEN FERIA DE CALI Grup"]
[Site "Cali (Col) Unidad Panamericana"]
[Date "2008.12.29"]
[Round "7"]
[Board "1"]
[White "Vargas, Mauricio"]
[Black "Bassan, Remo"]
[Result "0-1"]
[WhiteElo "1965"]
[BlackElo "2179"]
[PlyCount "62"]
[EventDate "2008.12.26"]
[EventRounds "9"]
[EventCountry "COL"]

1.e4 c5 2.Nf3 Nc6 3.d4 cxd4 4.Nxd4 Nf6 5.Nc3 e5 6.Ndb5 d6 7.a4 a6 8.Na3 Bg4 9.f3
Be6 10.Bc4 Qb6 11.Nd5 Bxd5 12.Bxd5 Nb4 13.Bb3 d5 14.exd5 Nbxd5 15.Nc4 Qc7 16.Qe2
Bb4+ 17.Kf1 O-O 18.Qxe5 Qc5 19.c3 Rfe8 20.Qg3 Qe7 21.Qe5 Qd7 22.Qd4 Qe6 23.Bd2
Qe2+ 24.Kg1 Bf8 25.Qf2 b5 26.axb5 Qd3 27.Rxa6 Rxa6 28.bxa6 Re2 29.Bc2 Qxc4 30.b3
Rxf2 31.bxc4 Rxd2

[Event "IRT. X OPEN FERIA DE CALI Grup"]
[Site "Cali (Col) Unidad Panamericana"]
[Date "2008.12.29"]
[Round "7"]
[Board "1"]
[White "Schneider-Zinner, Werner"]
[Black "Salazar, Aura Cristina"]
[Result "1-0"]
[WhiteElo "2043"]
[BlackElo "2016"]
[PlyCount "105"]
[EventDate "2008.12.26"]
[EventRounds "9"]
[EventCountry "COL"]

1.d4 Nf6 2.Nf3 g6 3.Bf4 Bg7 4.c3 O-O 5.h3 d6 6.e3 Nfd7 7.Nbd2 e5 8.Bh2 Nc6 9.Be2
f5 10.dxe5 dxe5 11.Qc2 a5 12.O-O Qe7 13.Bb5 Kh8 14.Bxc6 bxc6 15.Rfe1 Ba6 16.c4
g5 17.Nf1 h6 18.Rad1 Bb7 19.Ng3 Qe6 20.Nh5 c5 21.Nxg7 Kxg7 22.Rxd7+ Qxd7 23.Nxe5
Qe6 24.Nd3 Qe7 25.Be5+ Kg8 26.f3 Rad8 27.Bc3 Be4 28.fxe4 Qxe4 29.Rd1 Rd7 30.Qe2
Rfd8 31.Nf2 Rxd1+ 32.Nxd1 Qb1 33.Bd2 Qd3 34.Qh5 Rd7 35.Qg6+ Rg7 36.Qe6+ Kh7
37.Nf2 Qxd2 38.Qxf5+ Kg8 39.Qe6+ Kf8 40.Qc8+ Ke7 41.Qxc7+ Qd7 42.Qxc5+ Ke6
43.Qb6+ Qd6 44.Qxa5 Rf7 45.Qc3 Qg3 46.Ne4 Qc7 47.c5 Qc6 48.Qd4 Qd5 49.Qa4 Qd3
50.Qe8+ Re7 51.Qg6+ Kd5 52.Qd6+ Kc4 53.b3+

[Event "IRT. X OPEN FERIA DE CALI Grup"]
[Site "Cali (Col) Unidad Panamericana"]
[Date "2008.12.29"]
[Round "7"]
[Board "1"]
[White "Diaz, Cristian Camilo"]
[Black "Barreiro, Frank"]
[Result "0-1"]
[WhiteElo "2048"]
[BlackElo "2084"]
[PlyCount "86"]
[EventDate "2008.12.26"]
[EventRounds "9"]
[EventCountry "COL"]

1.e4 e5 2.Nf3 Nc6 3.Bb5 a6 4.Ba4 Nf6 5.O-O Be7 6.Re1 b5 7.Bb3 O-O 8.h3 d6 9.c3
Na5 10.Bc2 c5 11.d4 Qc7 12.Nbd2 cxd4 13.cxd4 Nc6 14.Nf1 Bd7 15.Ng3 Rfc8 16.d5
Nb4 17.Bb3 Nc2 18.Bxc2 Qxc2 19.Qe2 Rc7 20.Be3 Qxe2 21.Rxe2 Rac8 22.Ne1 h6 23.f3
Ne8 24.Nd3 Bh4 25.Nf1 f5 26.b3 Rc3 27.Nb4 a5 28.Bd2 axb4 29.Bxc3 bxc3 30.b4 Bg5
31.Ne3 fxe4 32.fxe4 Nf6 33.Nc2 Rc4 34.a4 bxa4 35.b5 Nxe4 36.Na3 Rd4 37.Nc2 Nc5
38.Nxd4 exd4 39.b6 d3 40.Ree1 d2 41.Rf1 c2 42.h4 Be3+ 43.Kh1 c1=Q

[Event "IRT. X OPEN FERIA DE CALI Grup"]
[Site "Cali (Col) Unidad Panamericana"]
[Date "2008.12.29"]
[Round "8"]
[Board "1"]
[White "Gallego, Andres Felipe"]
[Black "Barrientos, Sergio E"]
[Result "0-1"]
[WhiteElo "2365"]
[BlackElo "2450"]
[PlyCount "98"]
[EventDate "2008.12.26"]
[EventRounds "9"]
[EventCountry "COL"]

1.e4 c5 2.Nf3 Nc6 3.d4 cxd4 4.Nxd4 Qc7 5.Nc3 e6 6.Be3 a6 7.Bd3 Nf6 8.O-O h5 9.h3
b5 10.Nxc6 Qxc6 11.a3 Bb7 12.Re1 h4 13.Bd4 Be7 14.Be2 d6 15.Bf3 e5 16.Nd5 Nxd5
17.exd5 Qd7 18.Bc3 O-O 19.a4 f5 20.axb5 axb5 21.Rxa8 Bxa8 22.Qd2 Bf6 23.Be2 Rb8
24.Rd1 Qb7 25.Bb4 Qb6 26.c3 Kh7 27.Ra1 Qb7 28.Ra5 Qf7 29.Rxb5 Rxb5 30.Bxb5 Bxd5
31.Bxd6 Bxg2 32.Kxg2 Qb7+ 33.Kg1 Qxb5 34.Qc2 Qd7 35.Qd1 e4 36.c4 Bxb2 37.c5 Qe6
38.Qh5+ Kg8 39.Qxh4 Bd4 40.Qd8+ Kf7 41.Qf8+ Kg6 42.Bf4 e3 43.fxe3 Bxe3+ 44.Bxe3
Qxe3+ 45.Kg2 f4 46.Qd6+ Kh7 47.c6 f3+ 48.Kg3 f2+ 49.Kg2 Qe2

[Event "IRT. X OPEN FERIA DE CALI Grup"]
[Site "Cali (Col) Unidad Panamericana"]
[Date "2008.12.29"]
[Round "8"]
[Board "1"]
[White "Rojas Barrero, Andres H"]
[Black "Clavijo, Jorge Mario"]
[Result "1/2-1/2"]
[WhiteElo "2255"]
[BlackElo "2358"]
[PlyCount "53"]
[EventDate "2008.12.26"]
[EventRounds "9"]
[EventCountry "COL"]

1.d4 Nf6 2.Nf3 g6 3.c4 Bg7 4.g3 O-O 5.Bg2 d6 6.O-O Nbd7 7.b3 e5 8.e3 Re8 9.Nc3
c6 10.Qc2 Nf8 11.Ba3 e4 12.Nd2 Bf5 13.Rac1 Qe7 14.b4 d5 15.Qb2 Qd7 16.b5 Bh3
17.Rb1 Qf5 18.bxc6 bxc6 19.Qb7 Qh5 20.Rfc1 Ne6 21.cxd5 [21.Qxc6 Bxg2 22.Kxg2]
21...cxd5 22.Rb5 a6 23.Ra5 Reb8 24.Qe7 Re8 [24...Bxg2 25.Kxg2 Qf5 26.Qd6 Ng5
27.g4 Nxg4 28.Qg3] 25.Qb7 Reb8 26.Qe7 Re8 27.Qb7

[Event "IRT. X OPEN FERIA DE CALI Grup"]
[Site "Cali (Col) Unidad Panamericana"]
[Date "2008.12.29"]
[Round "8"]
[Board "1"]
[White "Pazos Gambarrotti, Plinio"]
[Black "Carvajal, Nolberto"]
[Result "1/2-1/2"]
[WhiteElo "2327"]
[BlackElo "2293"]
[PlyCount "51"]
[EventDate "2008.12.26"]
[EventRounds "9"]
[EventCountry "COL"]

1.e4 c5 2.Nf3 Nc6 3.d4 cxd4 4.Nxd4 Nf6 5.Nc3 e6 6.Ndb5 Bb4 7.a3 Bxc3+ 8.Nxc3 d5
9.exd5 exd5 10.Bd3 O-O 11.O-O d4 12.Ne2 Bg4 13.f3 Bh5 14.b4 Qb6 15.Bb2 Rac8
16.Kh1 Bg6 17.b5 Bxd3 18.Qxd3 Ne5 19.Qb3 Rfe8 20.Rad1 d3 21.cxd3 Nxd3 22.Bd4 Qe6
23.Qxd3 Qxe2 24.Qxe2 Rxe2 25.Bxa7 Re7 26.Rd2

[Event "IRT. X OPEN FERIA DE CALI Grup"]
[Site "Cali (Col) Unidad Panamericana"]
[Date "2008.12.29"]
[Round "8"]
[Board "1"]
[White "Mateus, Martha"]
[Black "Castro, Oscar H"]
[Result "0-1"]
[WhiteElo "2138"]
[BlackElo "2395"]
[PlyCount "84"]
[EventDate "2008.12.26"]
[EventRounds "9"]
[EventCountry "COL"]

1.e4 d6 2.d4 Nf6 3.Nc3 g6 4.Bg5 Bg7 5.Qd2 h6 6.Bh4 c6 7.a4 Nbd7 8.Bc4 d5 9.exd5
Nb6 10.Bb3 Nbxd5 11.Nf3 Bf5 12.Nxd5 cxd5 13.Qb4 O-O 14.O-O b6 15.Rfe1 g5 16.Bg3
Ne4 17.Ne5 Rc8 18.Re2 e6 19.a5 h5 20.axb6 axb6 21.f3 Nxg3 22.hxg3 Qc7 23.Ba4 Ra8
24.Ra3 Bxe5 25.dxe5 Qc5+ 26.Qxc5 bxc5 27.Bb5 c4 28.Kf2 Rab8 29.Ra5 Rfc8 30.Ba6
Rc7 31.c3 Rb6 32.Bb5 Kg7 33.Ba4 Rcb7 34.Bc2 Bxc2 35.Rxc2 Rxb2 36.Ra2 Rb1 37.Ke3
R7b3 38.Kd4 Kg6 39.Re2 Rc1 40.Rac2 Rd1+ 41.Rcd2 Rb2 42.Rxd1 Rxe2

[Event "IRT. X OPEN FERIA DE CALI Grup"]
[Site "Cali (Col) Unidad Panamericana"]
[Date "2008.12.29"]
[Round "8"]
[Board "1"]
[White "Arenas, David"]
[Black "Munoz, Jhon Edison"]
[Result "1/2-1/2"]
[WhiteElo "2323"]
[BlackElo "2186"]
[PlyCount "91"]
[EventDate "2008.12.26"]
[EventRounds "9"]
[EventCountry "COL"]

1.e4 e6 2.d4 d5 3.Nc3 Bb4 4.e5 Ne7 5.a3 Bxc3+ 6.bxc3 c5 7.Qg4 Qc7 8.Qxg7 Rg8
9.Qxh7 cxd4 10.Ne2 Nbc6 11.f4 Bd7 12.Qd3 dxc3 13.Nxc3 a6 14.Ne2 O-O-O 15.c3 Nf5
16.Rb1 Be8 17.Bd2 f6 18.exf6 Bg6 19.Rc1 e5 20.g4 e4 21.Qc2 e3 22.gxf5 exd2+
23.Qxd2 Bxf5 24.Ng3 Rde8+ 25.Kd1 Qh7 26.Nxf5 Qxf5 27.f7 Qxf7 28.Kc2 d4 29.Kb2
Re3 30.Ka1 Kb8 31.Qb2 dxc3 32.Rxc3 Re1+ 33.Rc1 Rxc1+ 34.Qxc1 Nd4 35.Bc4 Qf6
36.Qb2 Rc8 37.Bd3 Rc6 38.Rb1 Rb6 39.Qxb6 Nb3+ 40.Ka2 Qxb6 41.Rxb3 Qf2+ 42.Rb2
Qe3 43.Be2 Ka7 44.f5 Qe4 45.h4 Qxf5 46.h5